| 000 | 00533nam a2200205Ia 4500 | ||
|---|---|---|---|
| 005 | 20230805101040.0 | ||
| 008 | 131103s9999 xx 000 0 und d | ||
| 020 | _a0 905712 81 1 | ||
| 040 | _aLoreto College | ||
| 041 | _aEnglish | ||
| 082 |
_aF _bFRA |
||
| 100 | _aFrancis, Dick | ||
| 245 |
_aWhip hand and other stories _cDick Francis |
||
| 260 |
_aLondon _bPeerage books _c1984 |
||
| 300 | _a815p. | ||
| 504 | _aRat race, Forfeit, High Stakes & Twice shy | ||
| 650 | _aEnglish Fiction | ||
| 850 | _aLCLIB | ||
| 942 | _cBK | ||
| 999 |
_c18200 _d68679 |
||